000 00244nam a22000977a 4500
100 _aJ. Jacob
245 _aIvide maathramalla rubberinu sarkkar thuna, agencyum
260 _bKarshakasree, 29(1): 71.
_c2023
300 _bJanuary 2023
942 _cJS
999 _c74942
_d74942